Practical religion: (Record no. 12757)

000 -LEADER
fixed length control field 00665nam a2200181 a 4500
001 - CONTROL NUMBER
control field :::00010571$&:&@@
003 - CONTROL NUMBER IDENTIFIER
control field OkBaRHE
005 - DATE AND TIME OF LATEST TRANSACTION
control field 20000607103400.0
008 - FIXED-LENGTH DATA ELEMENTS--GENERAL INFORMATION
fixed length control field s1977 j 000 0 eng u
040 ## - CATALOGING SOURCE
Transcribing agency
100 1# - MAIN ENTRY--PERSONAL NAME
Personal name Ryle, John Charles, 1816-1900.
245 10 - TITLE STATEMENT
Title Practical religion:
Remainder of title being plain papers on the daily duties, experience, dangers, and privileges of professing Christians.
260 ## - PUBLICATION, DISTRIBUTION, ETC. (IMPRINT)
Place of publication, distribution, etc Grand Rapids, MI., :
Name of publisher, distributor, etc Baker Book House
Date of publication, distribution, etc c1977
300 ## - PHYSICAL DESCRIPTION
Extent 324 p. ;
Dimensions 22 cm.
650 ## - SUBJECT ADDED ENTRY--TOPICAL TERM
Topical term or geographic name as entry element Christian Life
General subdivision Anglican Authors
942 ## - ADDED ENTRY ELEMENTS (KOHA)
Source of classification or shelving scheme
Koha item type Books
Copies
Full call number Price effective from Withdrawn status Permanent Location Not for loan Lost status Date last seen Damaged status Koha item type Barcode Shelving location Source of classification or shelving scheme Date acquired Copy number
BV 4501 .R932010-04-14 RHEMA Bible Training College  2010-04-14 Books10571General Stacks 2010-04-141